000 01045nam a2200277 a 4500
001 000021599
003 DO-SdBNP
005 20240710123701.0
008 240702s1997 dr abc 000 0 spa d
040 _aDO-SdBNP
_bspa
_cBNPHU
_erda
082 _a917.293
_bG633c
_222
100 1 _aGómez Gutiérrez, Sergia Antonia
_eautor
_944963
245 1 0 _aConozcamos el país :
_bdominio del espacio y cultura /
_cSergia Antonia Gómez Gutiérrez, Juan Francisco Martínez Almanzar.
260 _aSanto Domingo :
_bEditora 9 de octubre,
_c1997.
300 _a489 paginas. :
_bilustraciones ;
_c22 cm.
336 _2rdacontent
_atexto
_btxt
337 _2rdamedia
_asin mediación
_bn
338 _2rdacarrier
_avolumen
_bnc
590 _aInventariado, 2024/DG
650 4 _aGeografía física
_zRepública Dominicana
_931346
650 4 _aGeografía política
_zRepública Dominicana
_954612
650 4 _aTurismo
_xRepública Dominicana
_982379
700 1 _aMartínez Almanzar, Juan Francisco
_d1950 -
_eautor
_910459
910 _aDG
942 _2ddc
_cLBS1
999 _c57106
_d57106